00472nam a22001457a 4500003000900000005001700009008003000026020001500056040002500071082000700096100002000103245013600123260003700259300003000296DO-SdBNP20211019141509.0201124b 00| 0 eng d a9802074861 aDO-SdBNPbspacBNPHU 42221 aSchubert, Linda10aLa Hora Milagrosa : bun método de oración que cambiara tu vida /cLinda Schubert ; prefacio del Padre Robert DeGrandis, S. J.  aSanta Clara : bPaulinas,c1992. a47 p. : bil. ; c19 cm.